Vertreibung aus dem Paradies

Enregistré dans:
Détails bibliographiques
Auteur principal: Merten, Hans Lothar
Format: Livre
Langue:allemand
Publié: München FinanzBuch Verlag 2017
Sujets:
Tags: Ajouter un tag
Pas de tags, Soyez le premier à ajouter un tag!

MARC

LEADER 00000nam a2200000 4500
001 0234517
005 20240221113307.9
020 |a 978-3-95972-027-4 
041 0 |a ger 
044 |a DE 
245 1 0 |a Vertreibung aus dem Paradies  |c Hans Lothar Merten 
264 1 |a München  |b FinanzBuch Verlag  |c 2017 
300 |a 271 s. 
610 2 0 |a dane 
610 2 0 |a dane majetkové 
610 2 0 |a únik daňový 
610 2 0 |a raje daňové 
610 2 0 |a Švajčiarsko 
610 2 0 |a Kajmanské ostrovy 
610 2 0 |a USA 
100 1 |a Merten, Hans Lothar